000 00372nam a2200145Ia 4500
008 230312s9999||||xx |||||||||||||| ||und||
020 _a1337093424
082 _a005.74
_bPRA-C
100 _aRob,Coronel
245 0 _aDatabase systems : design, implementation, and management
260 _bCengage
_aUSA
_c2019
300 _a411
650 _aComputer
_vData
942 _cBK
999 _c16240
_d16240